Nový kariérový systém pedagogických zamestnancov na Slovensku a zvyšovanie kvality školy

Zákon o pedagogických zamestnancoch a postavenie učiteľov na Slovensku. Nový kariérový systém pedagogických zamestnancov, stupne a pozície. Profesijné kompetencie a osobnostný rozvoj učiteľa. Status chránenej osoby.

Enregistré dans:
Détails bibliographiques
Auteur principal: Babiaková, Simoneta
Format: Chapitre de livre
Langue:slovaque
Sujets:
Tags: Ajouter un tag
Pas de tags, Soyez le premier à ajouter un tag!

MARC

LEADER 00000naa$a2200000$$$4500
001 0115254
005 20240312093427.6
041 0 |a slo 
044 |a SK 
245 1 0 |a Nový kariérový systém pedagogických zamestnancov na Slovensku a zvyšovanie kvality školy  |c Simoneta Babiaková 
520 |a Zákon o pedagogických zamestnancoch a postavenie učiteľov na Slovensku. Nový kariérový systém pedagogických zamestnancov, stupne a pozície. Profesijné kompetencie a osobnostný rozvoj učiteľa. Status chránenej osoby. 
610 2 0 |a učitelia 
610 2 0 |a náročnosť profesionálna 
610 2 0 |a vzdelávanie ďalšie 
610 2 0 |a profesiogramy 
610 2 0 |a školstvo 
610 2 0 |a školy 
610 2 0 |a reformy školské 
610 2 0 |a zákony 
100 1 |a Babiaková, Simoneta